000 01635nam a2200277Ia 4500
999 _c34634
_d34634
001 399
003 GE_BSU
005 20220519133516.0
008 181216s2009||||ge |||||||||||||| ||geo||
020 _a9789941410055
040 _cGE_BSU
041 _ageo
080 _a51(075.3) გ–15
245 _aგავიმეოროთ მათემატიკა :
_bნაწ. 2 : გეომეტრია, მონაცემთა ანალიზი, სტატისტიკა, ალბათობა /
_cგურამ გოგიშვილი, თეიმურაზ ვეფხვაძე, ია მებონია, ლამარა ქურჩიშვილი. რედ. თეიმურაზ ვეფხვაძე.
264 _aთბილისი :
_bინტელექტი,
_c2009.
300 _a413 გვ.:
_bსურ.;
_c28 სმ.
653 _aგავიმეოროთ მათემატიკა
653 _aგეომეტრია,მონაცემთა ანალიზი,სტატისტიკა,ალბათობა
653 _aმათემატიკა
700 _aგოგიშვილი, გურამ
_eავტორი
_95601
700 _aვეფხვაძე, თეიმურაზ
_eავტორი
_95602
700 _aმებონია, ია
_eავტორი
_95603
700 _a ქურჩიშვილი, ლამარა
_eავტორი
_913781
700 _aვეფხვაძე, თეიმურაზ
_eრედაქტორი
_95602
942 _cBK
_2udc